000 00771cam a22002653a 4500
001 26246
003 PGUSA
005 20140828083550.0
008 080801s2008||||xxu|||||s|||||000 1 eng d
040 _aPGUSA
_beng
042 _adc
050 4 _aPR
100 1 _aWells, H. G.
_q(Herbert George),
_d1866-1946
245 1 4 _aThe Invisible Man :
_bA Grotesque Romance
_h[electronic resource] /
_cH. G. Wells
260 _bProject Gutenberg,
_c2008
506 _aPublic domain in the USA.
516 _aElectronic text
653 _aScientists -- Fiction
653 _aScience fiction
653 _aMentally ill -- Fiction
653 _aPsychological fiction
830 0 _aProject Gutenberg
_v26246
856 4 0 _uhttp://www.gutenberg.org/ebooks/26246
942 _cEB
999 _c255501
_d255501